000 00240nam a22000857a 4500
008 160803b xxu||||| |||| 00| 0 eng d
100 _93
_aBlyton E
245 _aFive go to mystery moor
_bThe Famous Five
260 _aLondon
_bHodder Publication
_c2004
999 _c2653
_d2653